Diagnostic of management of culture in order to implement the concept of a socially responsible company: the case of a concern

Pri realizácii spoločenskej zodpovednosti firiem (CSR) v praxi, je nutné vyhodnotiť kultúru riadenia organizácie, ktorá je nástrojom a ukazovateľom východiskovej polohy implementácie CSR. Úroveň kultúry riadenia podniku a podnikové problémy sociálnej zodpovednosti.

Gespeichert in:
Bibliographische Detailangaben
1. Verfasser: Vveinhardt, Jolita
Weitere Verfasser: Andriukaitiene, Regina
Format: Buchkapitel
Sprache:Englisch
Schlagworte:
Tags: Tag hinzufügen
Keine Tags, Fügen Sie das erste Tag hinzu!

MARC

LEADER 00000naa a2200000 4500
001 0223784
005 20220719115030.3
041 0 |a eng 
044 |a CZ 
245 1 0 |a Diagnostic of management of culture in order to implement the concept of a socially responsible company: the case of a concern  |c Jolita Vveinhardt, Regina Andriukaitiene 
520 |a Pri realizácii spoločenskej zodpovednosti firiem (CSR) v praxi, je nutné vyhodnotiť kultúru riadenia organizácie, ktorá je nástrojom a ukazovateľom východiskovej polohy implementácie CSR. Úroveň kultúry riadenia podniku a podnikové problémy sociálnej zodpovednosti. 
610 2 0 |a zodpovednosť podniku spoločenská 
610 2 0 |a podnikanie zodpovedné 
610 2 0 |a riadenie podnikové 
610 2 0 |a kultúra podniková 
610 2 0 |a komunikácia firemná 
100 1 |a Vveinhardt, Jolita 
700 1 |a Andriukaitiene, Regina